Missing Word: Begins with W, Ends with D Quiz Stats

Quiz Updated Jun 14, 2015

Challenge
Share
Tweet
Embed
Score 0/20 Timer 03:00
1 Play Today
Term Word % Correct
Earth, _____, & FireWind
98.4%
What _____ Jesus Do?Would
97.6%
FIFA _____ CupWorld
97.3%
_____ Witch of the WestWicked
96.5%
'_____ Al' YankovicWeird
93.6%
Muppets Most _____Wanted
92.8%
_____ CreamWhipped
92.5%
Hundred Acre _____Wood
90.3%
Microsoft _____Word
88.5%
Perennial _____Weed
85.7%
Term Word % Correct
_____ Knee MassacreWounded
85.6%
_____ at Bernie'sWeekend
84.9%
Carry On _____ SonWayward
78.2%
'The _____ of Menlo Park'Wizard
72.8%
License to _____Wed
67.1%
_____ HoWestward
63.6%
Beasts of the Southern _____Wild
62.1%
The Elder _____Wand
55.7%
Golden-_____ WarblerWinged
42.2%
Dave _____Winfield
40%

Today's Daily Dose

Missing Word
1971 Movies A-Z

Word Ladder
Complete Tour

Quick Pick
Logo Colors

On This Day
January 19th

You're not logged in!

Compare scores with friends on all Sporcle quizzes.
Sign Up with Email
OR
Log In

You Might Also Like...

Show Comments

Extras

Top Quizzes Today


Score Distribution

Your Account Isn't Verified!

In order to create a playlist on Sporcle, you need to verify the email address you used during registration. Go to your Sporcle Settings to finish the process.